000 00825nam a2200253 a 4500
001 64745
003 BD-RJUL
005 20211209081338.0
008 170220s1931 enk 001 0 eng d
035 _a(BD-RJUL) 64875)
040 _aBD-RJUL
_cBD-RJUL
_dBD-RJUL
_beng
041 _aeng
082 _223
_a940.27
_bMOH 1931
100 1 _aMowat, R. B.
_q(Robert Balmain),
_d1883-1941.
_9191949
245 1 2 _aA history of European diplomacy, 1914-1925 /
_cR.B. Mowat.
260 _aLondon :
_bEdward Arnold,
_c1931.
300 _aviii, 343 p. ;
_c23 cm.
500 _aIncludes Index.
650 0 _aFrance
_xHistory.
_9191950
651 0 _aEurope
_xForeign relations.
_9172546
651 0 _aEurope
_xPolitics and government
_y1815-1871.
_9191951
651 0 _aEurope
_xPolitics and government
_y1871-1918.
_9191663
942 _2ddc
_cBK
999 _c64745
_d64745